Revista de España y del extranjero / (Record no. 1832)
[ view plain ]
| 000 -LEADER | |
|---|---|
| campo de control de longitud fija | 01349nas a2200337 i 4500 |
| 001 - NÚMERO DE CONTROL | |
| campo de control | 1832 |
| 003 - IDENTIFICADOR DE NÚMERO DE CONTROL | |
| campo de control | ES-MaACL |
| 005 - FECHA Y HORA DE LA ÚLTIMA TRANSACCIÓN | |
| campo de control | 20250724062553.0 |
| 007 - CAMPO FIJO DE DESCRIPCIÓN FÍSICA--INFORMACIÓN GENERAL | |
| campo de control de longitud fija | t| |
| 008 - DATOS DE LONGITUD FIJA--INFORMACIÓN GENERAL | |
| campo de control de longitud fija | 950801d18421844sp s|ype | 1 ||pa d |
| 022 ## - NÚMERO INTERNACIONAL NORMALIZADO PARA PUBLICACIONES SERIADAS | |
| Número Internacional Normalizado para Publicaciones Seriadas | 1577-8983 |
| 080 ## - NÚMERO DE LA CLASIFICACIÓN DECIMAL UNIVERSAL | |
| Número de la Clasificación Decimal Universal | 008 |
| 245 00 - MENCIÓN DEL TÍTULO | |
| Título | Revista de España y del extranjero / |
| Mención de responsabilidad, etc. | director y redactor principal, Fermín Gonzalo Morón [e Ignacio de Ramón Carbonell]. |
| 246 30 - FORMA VARIANTE DEL TITULO | |
| Título propio/Titulo breve | Revista de España y del estrangero |
| 246 30 - FORMA VARIANTE DEL TITULO | |
| Título propio/Titulo breve | Revista de España y del estranjero |
| 260 ## - PUBLICACIÓN, DISTRIBUCIÓN, ETC. | |
| Lugar de publicación, distribución, etc. | Madrid : |
| Nombre del editor, distribuidor, etc. | Estab. Tip. de la Calle del Sordo, n. 11, |
| Fecha de publicación, distribución, etc. | 1842-1848 ( |
| Fabricante | M. Rivadeneyra) |
| 300 ## - DESCRIPCIÓN FÍSICA | |
| Extensión | v. ; |
| Dimensiones | 20 cm. |
| 310 ## - PERIODICIDAD ACTUAL | |
| Periodicidad actual | Quincenal, |
| Fecha de comienzo de la periodicidad actual | en. 1842- |
| 362 0# - FECHAS DE PUBLICACIÓN Y/O DESIGNACIÓN SECUENCIAL | |
| Fecha de publicación y/o designación secuencial | T. I (15 en. 1842)-t. IX (1844)-1848. |
| 362 0# - FECHAS DE PUBLICACIÓN Y/O DESIGNACIÓN SECUENCIAL | |
| Fecha de publicación y/o designación secuencial | Cesó con: t. 9, publ. en 1844. |
| Fuente de información | Palau. |
| 530 ## - NOTA DISPONIBLE DE FORMULARIO FÍSICO ADICIONAL | |
| Nota de formato físico adicional disponible | Disponible en formato digital. |
| 555 ## - NOTA DE ÍNDICE ACUMULATIVO U OTROS INSTRUMENTOS BIBLIOGRÁFICOS | |
| Nota de índice acumulativo u otros instrumentos bibliográficos | Índices publ. en cada tomo, excepto en t. IX. |
| 650 #7 - PUNTO DE ACCESO ADICIONAL DE MATERIA--TÉRMINO DE MATERIA | |
| Término de materia o nombre geográfico como elemento de entrada | Cultura |
| Fuente del encabezamiento o término | embne |
| 9 (RLIN) | 170963 |
| 700 1# - ENTRADA AGREGADA--NOMBRE PERSONAL | |
| Nombre de persona | Morón, Fermín Gonzalo. |
| 9 (RLIN) | 83636 |
| 700 1# - ENTRADA AGREGADA--NOMBRE PERSONAL | |
| Nombre de persona | Ramón Carbonell, Ignacio de. |
| 9 (RLIN) | 156066 |
| 785 00 - ENTRADA/ENLACE A UN TÍTULO POSTERIOR | |
| Encabezamiento principal | Revista de España, de Indias y del extranjero |
| Lugar, editor y fecha de publicación | 1845 |
| 852 ## - LOCALIZACIÓN | |
| Encuadernación | |
| -- | |
| Ubicación | BA |
| Número de control de estantería | R-2355-70 Olim: G-1291-1306 |
| 856 ## - LOCALIZACIÓN Y ACCESO ELECTRÓNICOS | |
| Identificador Uniforme de Recursos | <a href="http://prensahistorica.mcu.es/es/publicaciones/numeros_por_mes.cmd?idPublicacion=8066">http://prensahistorica.mcu.es/es/publicaciones/numeros_por_mes.cmd?idPublicacion=8066</a> |
| Nota pública | Biblioteca Virtual de Prensa Histórica |
| 866 #0 - MENCIÓN TEXTUAL DE FONDOS--UNIDAD BIBLIOGRÁFICA BÁSICA | |
| Fondos | 1842-1846. |
| Estatus retirado | Estado de pérdida | Estado de daño | No para préstamo | Colección | Biblioteca de origen | Biblioteca actual | Ubicación en estantería | Fecha de adquisición | Fuente de adquisición | Total de préstamos | Signatura topográfica completa | Código de barras | Visto por última vez | Precio de reemplazo | Tipo de ítem Koha |
|---|---|---|---|---|---|---|---|---|---|---|---|---|---|---|---|
| Colección digital | Biblioteca del Ateneo de Madrid | Biblioteca del Ateneo de Madrid | Depósito | 17/01/2008 | R-2355-70 | 1001870 | 23/02/2023 | 23/02/2023 | Revista |
